00500cam a22001934a 45000010009000000050017000090080041000260100017000670200028000840400018001120410008001300420008001380800015001460820019001611000007001801010008001872450060001955040051002551320130120180208075440.0030516s2003 maua b 001 0 eng  a 2003047597 a0792372085 (alk. paper) aDLCcDLCdDLC aeng apcc a004.6 MAK00a004.6 MAK221 a30 aSHK00aMobile and wireless internet :cKia Makki ... [et al.]. aIncludes bibliographical references and index.